000 00649nam a2200205 i 4500
001 112210
003 ES-MaACL
005 20250721200220.0
007 t|
008 061121s1930 fr r ||||1| fre d
100 1 _aNicolle, Charles.
_985599
245 1 0 _aNaissance, vie et mort des maladies infectieuses /
_cpar Charles Nicolle.
260 _aParis :
_bFélix Alcan,
_c1930.
300 _a220 p. ;
_c19 x 12 cm.
490 1 _aNouvelle collection scientifique
650 0 7 _aEnfermedades infecciosas
_2embne
_9135986
830 0 _aNouvelle collection scientifique
_9183891
852 _aES-MaACL
_jF-13971
999 _c112210
_d112210